| 000 | 01233nam a2200265 a 4500 | ||
|---|---|---|---|
| 003 | BLK | ||
| 005 | 20230710142747.0 | ||
| 008 | 180409b bul|||||r ||||||| ||bul|| | ||
| 020 | _a9786199218709 | ||
| 040 | _aBLK | ||
| 041 |
_aBUL _cBUL |
||
| 080 |
_aИздания за деца и юноши. Книжки-картинки. Читанки. Вж и 372.4 _b087.5 _z087.5 |
||
| 100 |
_91299 _aСорокина, Ксения Александровна |
||
| 245 | 1 | 0 |
_aПрофесии _cК. Сорокина ; худож. К. Заякина. |
| 260 |
_aСофия _b Адари _c2022 _9488235 |
||
| 300 |
_a[8] л. _bс цв. ил. _c23 x 23 см |
||
| 380 | _aDN | ||
| 490 |
_9488237 _aОцветяване с вода |
||
| 500 | _aКор. опис. Възприетата форма на ил. К. Заякина е Екатерина Александровна Заякина. Кн. от поредицата Оцветяване с вода. | ||
| 700 |
_aЗаякина, Екатерина Александровна _9461475 |
||
| 852 |
_aЦб 318522 _bЦб |
||
| 942 |
_cKNG _n0 _s1 |
||
| 944 |
_aCR _c2023-07-10 _kКети |
||
| 999 |
_c492585 _d492585 |
||